[Event "RSA-ch U10 Girls"]
[Site "Bloemfontein"]
[Date "2016.03.22"]
[Round "4"]
[White "Ismail, Imaan"]
[Black "Du Toit, Evane"]
[Result "1-0"]
[WhiteElo "1011"]
[BlackElo "1008"]
[PlyCount "81"]
[EventDate "2016.03.20"]
[EventType "swiss"]
[EventRounds "11"]
[EventCountry "RSA"]
[SourceTitle "CBM 171 Extra"]
[Source "ChessBase"]
[SourceDate "2016.04.26"]
[SourceVersion "1"]
[SourceVersionDate "2016.04.26"]
[SourceQuality "1"]

1. g3 e5 2. Bg2 Nf6 3. c4 Nc6 4. d3 Bb4+ 5. Bd2 Bxd2+ 6. Nxd2 Nd4 7. Ngf3 Nxf3+ 8. Nxf3 d6 9. 0-0 Ng4 10. Qc2 Qe7 11. b4 a6 12. a3 a5 13. Rfc1 b6 14. Qd2 h6 15. h3 Nf6 16. Nxe5 Bb7 17. Bxb7 Ra7 18. Nc6 Qe6 19. Nxa7 Qxh3 20. Bg2 Qe6 21. bxa5 bxa5 22. c5 d5 23. Rab1 0-0 24. Qxa5 Qxe2 25. Qxc7 Ng4 26. Qf4 g5 27. Qf3 Re8 28. Qxe2 Rxe2 29. Bf3 Rxf2 30. Bxg4 Rd2 31. Rd1 Ra2 32. c6 Rxa3 33. Nb5 Ra6 34. c7 Ra4 35. c8Q+ Kg7 36. Qd7 Ra6 37. Rf1 Rf6 38. Rxf6 Kxf6 39. Rf1+ Kg7 40. Rxf7+ Kg6 41. Qf5# 1-0

[Event "RSA-ch U10 Girls"]
[Site "Bloemfontein"]
[Date "2016.03.22"]
[Round "5"]
[White "Steyn, Zurika"]
[Black "Du Toit, Evane"]
[Result "0-1"]
[WhiteElo "692"]
[BlackElo "1008"]
[PlyCount "74"]
[EventDate "2016.03.20"]
[EventType "swiss"]
[EventRounds "11"]
[EventCountry "RSA"]
[SourceTitle "CBM 171 Extra"]
[Source "ChessBase"]
[SourceDate "2016.04.26"]
[SourceVersion "1"]
[SourceVersionDate "2016.04.26"]
[SourceQuality "1"]

1. e4 e5 2. Nf3 Nc6 3. Bc4 Nf6 4. Nc3 d6 5. d3 Bg4 6. Bg5 h6 7. Bh4 Bxf3 8. Qxf3 Nd4 9. Qd1 c6 10. 0-0 Be7 11. f4 exf4 12. Bf2 c5 13. Bb5+ Nd7 14. Bxd4 cxd4 15. Nd5 a6 16. Bc4 h5 17. Rxf4 h4 18. h3 Bg5 19. Rf1 Be3+ 20. Kh1 Rh6 21. Qf3 f6 22. Qf5 Kf8 23. Qe6 Nc5 24. Qf5 b5 25. Nf4 bxc4 26. Ng6+ Rxg6 27. Qxg6 Rb8 28. Rf3 Rxb2 29. Raf1 Nd7 30. g4 Bg5 31. Qh7 Kf7 32. Qh5+ Kg8 33. Qg6 Rxc2 34. Qf5 Qe7 35. Qd5+ Kf8 36. Rb1 Qe5 37. Qc6 Qh2# 0-1

[Event "RSA-ch U10 Girls"]
[Site "Bloemfontein"]
[Date "2016.03.21"]
[Round "3"]
[White "Du Toit, Evane"]
[Black "De Villiers, Anri"]
[Result "0-1"]
[WhiteElo "1008"]
[BlackElo "1220"]
[PlyCount "68"]
[EventDate "2016.03.20"]
[EventType "swiss"]
[EventRounds "11"]
[EventCountry "RSA"]
[SourceTitle "CBM 171 Extra"]
[Source "ChessBase"]
[SourceDate "2016.04.26"]
[SourceVersion "1"]
[SourceVersionDate "2016.04.26"]
[SourceQuality "1"]

1. e4 c5 2. Bc4 e6 3. Nf3 d6 4. Bb5+ Bd7 5. Bxd7+ Qxd7 6. e5 Nc6 7. exd6 Bxd6 8. Ng5 Nf6 9. Nc3 a6 10. a4 Qc7 11. Ra3 Be7 12. Nge4 h6 13. Nxf6+ Bxf6 14. Ne4 Qe7 15. Nxf6+ Qxf6 16. Rf3 Qe7 17. Rg3 Qc7 18. 0-0 g6 19. b3 0-0-0 20. Bb2 Rhf8 21. Bf6 Rd7 22. Rh3 h5 23. Rd3 Rxd3 24. cxd3 Qf4 25. Bb2 Rd8 26. Qe2 Nb4 27. Be5 Qf5 28. Qe3 Nxd3 29. Rc1 Nxc1 30. Qxc5+ Kd7 31. Qd6+ Ke8 32. Qc7 Nd3 33. Bg3 Nc5 34. Bd6 Qb1# 0-1